Droit commercial (Record no. 31701)
[ view plain ]
| 000 -LEADER | |
|---|---|
| campo de control de longitud fija | 01029nam a2200181 i 4500 |
| 001 - NÚMERO DE CONTROL | |
| campo de control | 31701 |
| 003 - IDENTIFICADOR DE NÚMERO DE CONTROL | |
| campo de control | ES-MaACL |
| 005 - FECHA Y HORA DE LA ÚLTIMA TRANSACCIÓN | |
| campo de control | 20230906154429.0 |
| 007 - CAMPO FIJO DE DESCRIPCIÓN FÍSICA--INFORMACIÓN GENERAL | |
| campo de control de longitud fija | t| |
| 008 - DATOS DE LONGITUD FIJA--INFORMACIÓN GENERAL | |
| campo de control de longitud fija | 030129s1854 fr ||||1| fre d |
| 100 1# - ENTRADA PRINCIPAL--NOMBRE DE PERSONA | |
| Nombre de persona | Bédarride, Jassuda. |
| 9 (RLIN) | 26986 |
| 245 10 - MENCIÓN DEL TÍTULO | |
| Título | Droit commercial |
| Resto del título | : commentaire du Code de comerce / |
| Mención de responsabilidad, etc. | J. Bédarride. |
| 260 ## - PUBLICACIÓN, DISTRIBUCIÓN, ETC. | |
| Lugar de publicación, distribución, etc. | Paris : |
| Nombre del editor, distribuidor, etc. | [s.n., |
| Fecha de publicación, distribución, etc. | 1854] ( |
| Fabricante | Tip. Aubin) |
| 300 ## - DESCRIPCIÓN FÍSICA | |
| Extensión | 14 v. ; |
| Dimensiones | 22 cm. |
| 505 8# - NOTA DE CONTENIDO CON FORMATO | |
| Nota de contenido con formato | Contiene: I. Des commerçant: des livres de commerce - II-III. Des sociétés suivi d'un commentaire des lois des 17-23 juillet 1856 sur l'arbitrage forcé et les sociétés en commandite par actions - IV. Des bourses de commerce, agents de change et coutiers - V. Des commissionnaires avec appendice sur les modifications qui y ont eté introduites - VI. Des achats et ventes - VII-VIII. De la lettre de change, des billets a ordre et de la prescription - IX-XIII. Du commerce maritime - XIV. De la juridiction |
| 650 #4 - PUNTO DE ACCESO ADICIONAL DE MATERIA--TÉRMINO DE MATERIA | |
| Término de materia o nombre geográfico como elemento de entrada | Derecho mercantil- |
| Subdivisión geográfica | Francia. |
| 9 (RLIN) | 135893 |
| 852 ## - LOCALIZACIÓN | |
| Ubicación | ES-MaACL |
| Número de control de estantería | G-14174-87 |
| Estatus retirado | Estado de pérdida | Estado de daño | No para préstamo | Colección | Biblioteca de origen | Biblioteca actual | Ubicación en estantería | Fecha de adquisición | Fuente de adquisición | Total de préstamos | Signatura topográfica completa | Código de barras | Visto por última vez | Precio de reemplazo | Tipo de ítem Koha |
|---|---|---|---|---|---|---|---|---|---|---|---|---|---|---|---|
| Libros del s. XIX | Biblioteca del Ateneo de Madrid | Biblioteca del Ateneo de Madrid | Sala Pecera Planta 3 | 17/01/2008 | G-14174-87 | 1032777 | 23/02/2023 | 23/02/2023 | Libro impreso antiguo |
